| 000 | 00489nam a22001697a 4500 | ||
|---|---|---|---|
| 999 |
_c40914 _d40914 |
||
| 003 | OSt | ||
| 005 | 20201113160710.0 | ||
| 008 | 201113b ||||| |||| 00| 0 eng d | ||
| 020 | _a9780521533003 | ||
| 040 | _coclc | ||
| 082 |
_a428.24 _bJAK/S |
||
| 100 | _aJakeman, Vanessa | ||
| 245 |
_aStep Up To IELTS / _cVanessa Jakeman ; C McDowell |
||
| 260 |
_aNew York: _bCambridge University, _c2004. |
||
| 300 | _a80p | ||
| 942 |
_cBK _2ddc _h428.24 _iJAK/S _k428.24 _mJAK/S |
||